00698nam a2200181Ia 4500003000900000008004100009020001800050040001600068080002200084111004800106245017300154260005800327300001500385490003400400650001800434700002200452710004200474IN-BaIIA211028s9999 xx 000 0 eng d a1-886733-56-2 cIIA Library a082.2:52bASP-136 aUC Santa Cruz WorkshopcUSd1997 Aug. 11-15 0aGalactic halosbproceedings of a UC Santa Cruz workshop held in Campus of UC Santa Cruz, US, 11-15 Aug 1997cedited by D. Zaritsky  aCaliforniabAstronomical Society of the Pacificc1998 axxi, 426p. aASP conference series; v. 136 aGalactic halo aZaritsky, D., ed. aAstronomical Society of the Pacific